Management strategy and tactics
Contents: Perspectives on management strategy and tactics; strategy and tactics of management; critical areas for tomorrow's managers.
שמור ב:
| מחבר ראשי: | |
|---|---|
| פורמט: | ספר |
| שפה: | Vietnamese |
| יצא לאור: |
New York
Holt, Rinehart and Winston, inc.
1971
|
| נושאים: | |
| תגים: |
הוספת תג
אין תגיות, היה/י הראשונ/ה לתייג את הרשומה!
|
| Thư viện lưu trữ: | Thư viện Trường Đại học Nam Cần Thơ |
|---|
| LEADER | 00866nam a22002057a 4500 | ||
|---|---|---|---|
| 001 | NCT_79442 | ||
| 008 | 200507b xxu||||| |||| 00| 0 vie d | ||
| 999 | |c 3884 |d 3884 | ||
| 020 | |a 0030851262 | ||
| 082 | 0 | 4 | |2 23rd ed. |a 658.4 |b H976 |
| 100 | 1 | |a Hutchinson, John G. | |
| 245 | 1 | 0 | |a Management strategy and tactics |c John G. Hutchinson |
| 260 | |a New York |b Holt, Rinehart and Winston, inc. |c 1971 | ||
| 300 | |a 536 p. |c 24cm | ||
| 504 | |a Includes bibliographies. | ||
| 520 | 3 | |a Contents: Perspectives on management strategy and tactics; strategy and tactics of management; critical areas for tomorrow's managers. | |
| 653 | |a Quản trị kinh doanh | ||
| 942 | |2 ddc |c BK | ||
| 952 | |0 0 |1 0 |2 ddc |4 0 |6 658_400000000000000_H976 |7 0 |9 19514 |a 000001 |b 000001 |d 2020-05-07 |o 658.4 H976 |p MD.17140 |r 2020-05-07 |w 2020-05-07 |y BK | ||
| 980 | |a Thư viện Trường Đại học Nam Cần Thơ | ||


